Responses for Show #3664 - Thursday, July 6, 2000

Doug Lach game 1.

Contestants

[<< previous game]

Doug Lach, a product development manager from Columbus, Ohio

Cori Collins, a perfusionist from Conyers, Georgia

Glen Savory, an Air Force contracting officer originally from Georgetown, Massachusetts (whose 3-day cash winnings total $33,600)

[next game >>]

Jeopardy! Round responses

CAPITAL
APPLE
EPIC
REPRISE
SUN
"A" & "M"
    $100 26
Lima

Cori
    $100 16
applejack

Glen
    $100 1
Rome

Glen
    $100 10
Homicide: Life on the Street

Glen
    $100 5
the Solar System

Doug
    $100 4
an answering machine

Doug
    $200 27
Tokyo

Glen
    $200 17
Johnny Appleseed (or John Chapman)

Doug
    $200 2
Alexandre Dumas

Glen
    $200 11
(Alex: The Alien movies.)

Sigourney Weaver

Doug
    $200 6
(Doug: What are solar flares?)

the Northern Lights (Aurora Borealis)

Doug
Triple Stumper
    $200 15
air mattresses

Doug
    $300 28
Reykjavik

Doug
    $300 18
Midas

Glen
    $300 3
Greece

Cori
    $300 12
Jamie Farr

Cori
    $300 7
(Cori: What are photons?)

watts

GlenCori
    $300 21
the Atlas Mountains

Cori
    $400 29
Berlin

Doug
    $400 19
Isaac Newton

Glen
    $400 8
Pancho Villa

Doug
    $400 13
Cher

Glen
    $400 24
(Cori: What is the nucleus?)

Protons

GlenCori
    $600 22
(Cori: [No response])

Andrew Mellon

Cori
    $500 30
Botswana

Cori
    $500 20
pectin

Cori
    $500 9
Orlando

Triple Stumper
    $500 14
Mike Connors

Cori
    $500 25
a camera obscura

Doug
    $500 23
amplitude modulation

Cori

Scores at the first commercial break (after clue 15):

Glen Cori Doug
$1,100 $800 $800

Scores at the end of the Jeopardy! Round:

Glen Cori Doug
$2,500 $1,700 $2,200

Double Jeopardy! Round responses

THE REIGN OF TERROR
COMMON BONDS
EBONY
(The Magazine)
L.A. AREA MUSEUMS
STORY SONGS
STARTS WITH 3 CONSONANTS
    $200 1
Josephine

Cori
    $200 14
people named Bo

Glen
    $200 26
Chicago

Doug
    $200 6
IMAX Theater

Cori
    $200 7
Sue

Cori
    $200 21
chlorine

Doug
    $400 2
prices

Doug
    $400 15
things you dig

Glen
    $400 27
Jesse Jackson

Glen
    $400 12
Getty Center

Doug
    $400 8
Billie Joe (McAllister)

Glen
    $400 22
spring

Glen
    $600 3
Robespierre

Cori
    $600 16
George Washington

Doug
    $600 28
the Pulitzer Prize

Glen
    $600 13
Pasadena

Doug
    $800 9
Andy Warhol

Glen
    $600 23
[A picture of a note accompanied the clue.]
(Glen: What is scratch?)

scrawl

GlenDoug
    $800 4
Safety

Glen
    $900 17
in a cabinet

Doug
    $800 29
Zenith

Triple Stumper
    $800 19
Gene Autry

Glen
    $800 10
"Tell Laura I Love Her"

Doug
    $800 24
splurge

Triple Stumper
    $1000 5
Jean-Jacques Rousseau

Triple Stumper
    $1000 18
things with keys

Doug
    $1000 30
(Doug: Who is Baldwin?)

Richard Wright

CoriDoug
    $1000 20
(Alex: The Museum of [*] Art.)

Contemporary

Doug
    $1000 11
"Coward Of The County"

Doug
    $1000 25
the thrush

Doug

Scores at the end of the Double Jeopardy! Round:

Glen Cori Doug
$6,700 $3,900 $9,900

[wagering suggestions for these scores]

Final Jeopardy! Round responses

ACADEMY AWARD HISTORY
(Nominated for "Carmen Jones' in 1952; played by Halle Berry in the 1999 film)
CoriWho was McDaniel?
$3,700
GlenWho was Dandridge?
$6,700
DougWho is Dorothy Dandridge?
$6,000
Dorothy Dandridge

Final scores:

Glen Cori Doug
$13,400 $200 $15,900
2nd place: Trip to Sweptaway, Jamaica 3rd place: TicketsNow.com gift certificate New champion: $15,900

Game dynamics:

Coryat scores:

Glen Cori Doug
$6,500 $4,500 $9,800
19 R
(including 1 DD),
1 W
13 R,
3 W
(including 1 DD)
22 R
(including 1 DD),
2 W

Combined Coryat: $20,800

[game clues] [game scores] [suggest correction]

Game tape date: 2000-04-11
The J! Archive is created by fans, for fans. Scraping, republication, monetization, and malicious use prohibited; this site may use cookies and collect identifying information. See terms. The Jeopardy! game show and all elements thereof, including but not limited to copyright and trademark thereto, are the property of Jeopardy Productions, Inc. and are protected under law. This website is not affiliated with, sponsored by, or operated by Jeopardy Productions, Inc. Join the discussion at JBoard.tv.